| 000 | 00996nam a22002057a 4500 | ||
|---|---|---|---|
| 003 | OSt | ||
| 005 | 20170403094309.0 | ||
| 008 | 150409b2013 slv spa | ||
| 040 | _cCRI | ||
| 082 | _a001.4 | ||
| 100 |
_940998 _aHernández Arias, Reyna Aracely |
||
| 245 | 1 | 0 |
_aCognitive factors that influence in the reading comprehension of advanced english students at Universidad Católica de El Salvador, Centro Regional de Ilobasco. _b: Investigación _cReyna Arecely Hernández Arias, Tania Vanessa Pérez de Paz |
| 260 |
_aIlobasco (Cabañas) _bUniversidad Católica de El Salvador _c2015 |
||
| 300 |
_a93 p. _c27.5 cm _e+ 1 disco compacto |
||
| 502 | _aTrabajo de Graduación para optar al título de Licenciado en Ciencias de la educación con especialidad en idioma inglés. | ||
| 650 | 0 |
_92258 _aInvestigación |
|
| 700 |
_940999 _aPérez de Paz, Tania Vanessa |
||
| 710 |
_940915 _aUniversidad Católica de El Salvador _bCentro Regional de Ilobasco |
||
| 942 |
_2ddc _cTG _hprozim |
||
| 999 |
_c27483 _d27483 |
||